[Event "CHN-chB (Women)"]
[Site "Zhongshan"]
[Date "2015.07.19"]
[Round "5"]
[White "Shi, Hang"]
[Black "Zhu, Jiner"]
[Result "0-1"]
[WhiteElo "1651"]
[BlackElo "2035"]
[PlyCount "170"]
[EventDate "2015.07.17"]
[EventType "swiss"]
[EventRounds "11"]
[EventCountry "CHN"]
[SourceTitle "CBM 167 Extra"]
[Source "ChessBase"]
[SourceDate "2015.09.14"]
[SourceVersion "1"]
[SourceVersionDate "2015.09.14"]
[SourceQuality "1"]

1. e4 c5 2. Nf3 d6 3. d4 Nf6 4. Nc3 cxd4 5. Nxd4 a6 6. Be3 e6 7. f3 Be7 8. Qd2 0-0 9. a4 b6 10. Be2 Bb7 11. 0-0 Nbd7 12. g4 Rc8 13. g5 Ne8 14. h4 Ne5 15. Rf2 Nc4 16. Bxc4 Rxc4 17. b3 Rc8 18. Rg2 d5 19. exd5 Bb4 20. Nde2 Bxd5 21. Qd4 Bc5 22. Qf4 Bd6 23. Qg4 Bb7 24. Rd1 Qc7 25. Rf2 Be7 26. Rd3 Nd6 27. Ng3 Rcd8 28. Rfd2 Nf5 29. Nxf5 exf5 30. Qf4 Bd6 31. Rxd6 Rxd6 32. Qxd6 Qxc3 33. Qd3 Qe5 34. Bf2 h6 35. Kg2 Re8 36. Qd6 Qc3 37. Qd3 Qa5 38. Qd4 Re6 39. Qf4 hxg5 40. Rd8+ Kh7 41. hxg5 Kg6 42. Rh8 Qc3 43. Rh3 f6 44. Qh4 fxg5 45. Qh5+ Kf6 46. Qh8 g4 47. Rh6+ Kf7 48. Rxe6 Qxf3+ 49. Kf1 Kxe6 50. Qe8+ Kf6 51. Qd8+ Kg6 52. Qe8+ Kg5 53. Qe7+ Kh6 54. Qf8 Kh7 55. Qd8 Qh3+ 56. Ke1 g3 57. Bd4 Bf3 58. Qd7 Qh1+ 59. Kd2 Qh6+ 60. Be3 Qg6 61. Qe7 Qg4 62. Bxb6 Be4 63. Qe8 Qf3 64. Be3 f4 65. Bd4 Qg2+ 66. Kc3 Qf3+ 67. Kb4 Bf5 68. Qf7 Qg4 69. Bxg7 Be6 70. Qe7 Qxg7 71. Qxe6 g2 72. Qh3+ Kg8 73. Qe6+ Kf8 74. Qc8+ Kf7 75. Qd7+ Kf6 76. Qc6+ Kf7 77. Qb7+ Kg8 78. Qd5+ Kh7 79. Qh5+ Qh6 80. Qf7+ Kh8 81. Qe8+ Kg7 82. Qe7+ Kg8 83. Qa7 Qd6+ 84. Kc4 Qe6+ 85. Kd3 Qe3+ 0-1